MARC details
| 000 -CABECERA |
| campo de control de longitud fija |
01014nam a2200229 a 4500 |
| 005 - FECHA Y HORA DE LA ÚLTIMA TRANSACCIÓN |
| campo de control |
20250919063949.0 |
| 008 - ELEMENTOS DE LONGITUD FIJA--INFORMACIÓN GENERAL |
| campo de control de longitud fija |
030311s2002 mx r 000 0 spa d |
| 020 ## - NÚMERO INTERNACIONAL NORMALIZADO PARA LIBROS |
| Número Internacional Estándar del Libro |
9702901766 |
| 035 ## - NÚMERO DE CONTROL DEL SISTEMA |
| Número de control de sistema |
UPN01000122781 |
| 049 ## - COLECCIÓN |
| Colección |
CG |
| 050 #4 - SIGNATURA TOPOGRÁFICA DE LA BIBLIOTECA DEL CONGRESO |
| Número de clasificación |
LB3051 |
| Número de documento/Ítem |
C6.6 |
| 245 00 - MENCIÓN DE TÍTULO |
| Título |
Conocimientos y aptitudes para la vida : |
| Resto del título |
primeros resultados del Programa Internacional de Evaluación de Estudiantes (PISA) 2000 de la OCDE / |
| Mención de responsabilidad, etc. |
ed. Antonio Moreno Paniagua ; tr. Claudia Esteve. |
| 260 ## - PUBLICACIÓN, DISTRIBUCIÓN, ETC. |
| Lugar de publicación, distribución, etc. |
México : |
| Nombre del editor, distribuidor, etc. |
Santillana : |
| -- |
OCDE, |
| Fecha de publicación, distribución, etc. |
2002. |
| 300 ## - DESCRIPCIÓN FÍSICA |
| Extensión |
347 p. : |
| Otras características físicas |
il., gráfs., cuadros |
| 440 #0 - MENCIÓN DE SERIE/ASIENTO SECUNDARIO--TÍTULO |
| Título |
Educación y aptitudes ; |
| Designación de volumen o secuencia |
6 |
| 534 ## - NOTA SOBRE LA VERSIÓN ORIGINAL |
| Frase introductoria |
Traducción de: |
| Mención de título del original |
Knowledge and skills for life : first results from the OECD Programme for International Student Assessment (PISA) 2000 |
| 650 #4 - ASIENTO SECUNDARIO DE MATERIA - TERMINO TEMATICO |
| Término de materia o nombre geográfico como elemento de entrada |
Mediciones y pruebas educativas |
| 9 (RLIN) |
4299 |
| 610 24 - ASIENTO SECUNDARIO DE MATERIA - NOMBRE CORPORATIVO |
| Nombre de entidad corporativa o nombre de jurisdicción como elemento de entrada |
Programa Internacional para la Evaluación de Estudiantes |
| 9 (RLIN) |
11932 |
| 650 #4 - ASIENTO SECUNDARIO DE MATERIA - TERMINO TEMATICO |
| Término de materia o nombre geográfico como elemento de entrada |
Lectura |
| Subdivisión general |
Pruebas de aptitud |
| 9 (RLIN) |
14818 |
| 700 1# - ASIENTO SECUNDARIO--NOMBRE DE PERSONAL |
| Nombre de persona |
Moreno Paniagua, Antonio, |
| Término indicativo de función/relación |
ed. |
| 9 (RLIN) |
29401 |
| 905 ## - TIPO DE MATERIAL |
| Tipo de material |
Libro |